000 00544nam a2200157 4500
999 _c15887
_d15887
008 201217b ||||| |||| 00| 0 eng d
022 _a0732-8435
082 _aDPer 657.05 C33 Sept - Mar 2015, v. 85 - 86
100 _942692
_aHonaker, Kim
245 _aA profile of key tax personnel in corporate America/
_b
_cKim Honaker.
260 _aNew York:
_bThe New York State Society of CPA,
_c©2015.
300 _av85 n12, pages 6-9:
_billustrations;
_c28 cm.
650 _aAccounting
_xPersonnel.
_942693
700 _a
_942697
942 _2ddc
_cPER